|
|
|
|
| LEADER |
00722nam a22002172a 4500 |
| 001 |
001460771 |
| 003 |
CZ BrMZK |
| 005 |
20150421100128.0 |
| 007 |
ta |
| 008 |
150311s1953 ru c er|||||||||||rus d |
| 040 |
|
|
|a ABA004
|b cze
|c ABA004
|d ABA004
|d BOA001
|
| 041 |
1 |
|
|a rus
|h bul
|
| 100 |
0 |
|
|a Elin Pelin,
|d 1877-1949
|7 jn20000400624
|4 aut
|
| 245 |
1 |
0 |
|a Rasskazy i povesti /
|c Elin Pelin ; sostavlenije G. Bazanov ; [predislovije napisal] B. Didenko
|
| 260 |
|
|
|a Moskva :
|b Goslitizdat,
|c 1953
|
| 300 |
|
|
|a 407 s. :
|b portréty
|
| 500 |
|
|
|a Přeloženo z bulharštiny
|
| 910 |
|
|
|a BOA001
|b 2-0308.854
|
| 990 |
|
|
|a BK
|
| 991 |
|
|
|b 201503
|
| 996 |
7 |
|
|b 2618823645
|c 2-0308.854
|l MZK
|r Sklad / do 24 hodin
|n 0
|w 001495744
|u 000010
|a 1
|e BOA001
|j MZK50
|s A
|